Alexander que de ninguna manera-- ¿le oyen?-- ¡lo dice en serio!--se va a mudar / (Registro nro. 11985)

Detalles MARC
000 -LIDER
fixed length control field 01045nam a22002657a 4500
001 - NÚMERO DE CONTROL
Identificador de número de control 000710
003 - IDENTIFICACDOR DE NÚMERO DE CONTROL
control field DO-SdBNP
005 - DATE AND TIME OF LATEST TRANSACTION
control field 20180212094150.0
007 - CAMPOS FIJOS DE DESCRIPCIÓN FÍSICA
fixed length control field 000710
008 - ELEMENTOS DE LONGITUD FIJA
fixed length control field 161117b 1995 nyu a ||||| |||| 00| 0 spa d
020 ## - ISBN
International Standard Book Number 0689319843
040 ## - FUENTE DE CATALOGACIÓN
Agencia que crea de manera original el registro BPMSU
Idioma de catalogación spa
Agencia que realiza la transcripción BPMSU
082 ## - NÚMERO DE CLASIFICACIÓN DECIMAL DE DEWEY
Classification number xxxx
Item number xxxx
100 1# - ASIENTO PRINCIPAL -- NOMBRE PERSONAL
Nombre personal Viorst, Judith
240 10 - TITULO UNIFORME
Título uniforme Alexander who is not (do you hear me?) going (I mean it!) to move.
Idioma de una obra Español
245 10 - MENCIÓN DE TITULO
Título Alexander que de ninguna manera-- ¿le oyen?-- ¡lo dice en serio!--se va a mudar /
Mención de responsabilidad por Judith Viorst ; ilustrado por Robin Preiss Glasser en el estilo de Ray Cruz ; traducido por Alma Flor Ada.
260 ## - PUBLICACIÓN, DISTRIBUCIÓN, ETC. (PIE DE IMPRENTA)
Lugar de publicación, distribución, etc New York :
Nombre del editor, distribuidor, etc. Libros Colibrí,
Fecha de publicación, distribución, etc 1995.
300 ## - DESCRIPCIÓN FÍSICA
Extensión 32 páginas sin numerar :
Otros detalles físicos il. ;
Dimensiones 19 cm.
500 ## - NOTA GENERAL
Nota general Traducción de Alexander who is not (do you hear me?) going (I mean it!) to move.
700 12 - ASIENTO SECUNDARIO -- NOMBRE PERSONAL
Nombre personal Preiss Glasser, Robin,
Mención de responsabilidad il.
700 12 - ASIENTO SECUNDARIO -- NOMBRE PERSONAL
Nombre personal Ada, Alma Flor,
Mención de responsabilidad tr.
Fechas asociadas con el nombre 1938-
942 ## - ADDED ENTRY ELEMENTS (KOHA)
Source of classification or shelving scheme Dewey Decimal Classification
Koha item type Libros
945 ## - INFORMACIÓN DE PROCESAMIENTO LOCAL
Información de procesamiento local inventariado, 2018 / dg
956 ## - LOCAL ELECTRONIC LOCATION AND ACCESS (OCLC)
Método de acceso LOPEREZ
Materiales especificados 10
Enlace 20161117
Campo enlazado y núm. de secuencia BPMSU
Nombre de host 00041
Existencias
Withdrawn status Lost status Source of classification or shelving scheme Damaged status Not for loan Collection code Home library Current library Date acquired Source of acquisition Total Checkouts Full call number Barcode Date last seen Price effective from Koha item type
    Dewey Decimal Classification     Colección Infantil General Biblioteca Pública Metropolitana Salomé Ureña Biblioteca Pública Metropolitana Salomé Ureña 11/17/2016 Donación   xxxx xxxx BPMSU16111397 11/17/2016 11/17/2016 Libros